000 00544cam a2200169 a 4500
020 _a0155058681
050 0 0 _aJF1351
_b.D45 2003
100 1 _aDenhardt, Robert B.
245 1 0 _aPublic administration :
_ban action orientation.
250 _a4th ed. /
_bRobert B. Denhardt and Joseph W. Grubbs.
260 _aBelmont, CA :
_bWadsworth/Thomson Learning,
_cc2003.
300 _axxi, 482 p.:
650 _xPublic administration.
700 1 _aGrubbs, Joseph W.
856 4 1 _uhttp://www.loc.gov/catdir/toc/fy032/2002107773.html
942 _2lcc
_cGEN
999 _c7418
_d7418